Iribarne : (Record no. 136823)

MARC details
000 -CABECERA
campo de control de longitud fija 02769nam a22003374i 4500
001 - NÚMERO DE CONTROL
campo de control 991061519702806706
003 - IDENTIFICADOR DEL NÚMERO DE CONTROL
campo de control ES-BaIT
005 - FECHA Y HORA DE LA ÚLTIMA TRANSACCIÓN
campo de control 20251118095700.0
008 - DATOS DE LONGITUD FIJA--INFORMACIÓN GENERAL
campo de control de longitud fija 251112e202312 sp a 000 d spa c
017 ## - NÚMERO DE COPYRIGHT O DE DEPÓSITO LEGAL
Número de copyright o de depósito legal DL M 29601-2023
Agencia que asigna Oficina DL Madrid
020 ## - NÚMERO INTERNACIONAL ESTÁNDAR DEL LIBRO
Número Internacional Estándar del Libro 9788490414774
040 ## - FUENTE DE LA CATALOGACIÓN
Centro catalogador/agencia de origen ES-BaIT
Lengua de catalogación cat
Normas de descripción rda
Centro/agencia transcriptor ES-BaIT
080 ## - NÚMERO DE LA CLASIFICACIÓN DECIMAL UNIVERSAL
Número de la Clasificación Decimal Universal 860-2"20"
100 1# - ENTRADA PRINCIPAL--NOMBRE DE PERSONA
Nombre de persona Carrodeguas, Esther F.
Término indicativo de función/relación autor
9 (RLIN) 158627
245 10 - MENCIÓN DE TÍTULO
Título Iribarne :
Resto del título esto no es un biopic sobre Manuel Fraga /
Mención de responsabilidad, etc. un texto de Esther F. Carrodeguas para ButacaZero
246 30 - FORMA VARIANTE DE TÍTULO
Título propio/Titulo breve Esto no es un biopic sobre Manuel Fraga
250 ## - MENCIÓN DE EDICIÓN
Mención de edición Primera edición
264 #1 - PRODUCCIÓN, PUBLICACIÓN, DISTRIBUCIÓN, FABRICACIÓN Y COPYRIGHT
Producción, publicación, distribución, fabricación y copyright Madrid :
Nombre del de productor, editor, distribuidor, fabricante Centro Dramático Nacional,
Fecha de producción, publicación, distribución, fabricación o copyright diciembre 2023
300 ## - DESCRIPCIÓN FÍSICA
Extensión 255 pàgines ;
Dimensiones 22 cm
336 ## - TIPO DE CONTENIDO
Término de tipo de contenido text
Código de tipo de contenido txt
Fuente rdacontent
337 ## - TIPO DE MEDIO
Nombre/término del tipo de medio sense mediació
Código del tipo de medio n
Fuente rdamedia
338 ## - TIPO DE SOPORTE
Nombre/término del tipo de soporte volum
Código del tipo de soporte nc
Fuente rdacarrier
490 1# - MENCIÓN DE SERIE
Mención de serie Centro Dramático Naciona ;
Designación de volumen o secuencia 27
500 ## - NOTA GENERAL
Nota general Sense llista de personatges
520 ## - SUMARIO, ETC.
Sumario, etc. "Iribarne es un tipo nacido en el mismísimo pueblo de Rouco Varela (sí: el cardenal) durante la Monarquía de Alfonso XIII (¿El primer promotor del cine porno en España? Sí-sí: ese). Emigrado a Cuba con tan solo un añito, coincidiendo con la inauguración de la dictadura de Primo de Rivera, tras hacer las Américas durante un par de años, nuestro protagonista vuelve triunfante para ser el hijo del alcalde (¡y el de la francesa!). Empieza el Bachiller con la entrada de la II República, casi-casi se hace cura durante la Guerra Civil pero decide pirarse a Madrid siguiendo el rastro de otro gallego ilustre nada más inaugurada la Era del Susodicho (sí, claro: El Caudillísimo). Con tanto ahínco intentó ser como él que más pronto que tarde llegó a ser su Ministro, a pesar de haber disparado dos días antes contra el culo de su hija (¿¡pero qué dices!? Sí-sí: ¡dato real!). Habiendo sido el primer y mejor opositor de España, quiso sustituir al Caudillo cuando este murió. No pudo ser: no iba por oposición. Tuvo que conformarse con el cargo de Virrey en su querida Terra Galega.IRIBARNE es un intento (irreverente) por comprender cómo hemos llegado hasta aquí caminando de la mano de uno de esos personajes secundarios pero increíblemente imprescindibles de la Hermosísima Historia de Esta España Mía (Esta España Nuestra). De esta España Viva, de Esta España Muerta. Pero cuidado: por más que lo pueda parecer, esto NO es un biopic sobre Manuel Fraga. Nos hubiese encantado hacerlo, ¡pero es que no cabía en una sola obra!" -- Pàgina web Centro Dramático Nacional
600 10 - PUNTO DE ACCESO ADICIONAL DE MATERIA--NOMBRE DE PERSONA
Nombre de persona Fraga Iribarne, Manuel,
Fechas asociadas al nombre 1922-2012
Subdivisión general Textos dramàtics
9 (RLIN) 167877
830 00 - PUNTO DE ACCESO ADICIONAL DE SERIE-TÍTULO UNIFORME
Título uniforme Nuevos dramas (Centro Dramático Nacional)
Designación de volumen o secuencia 27
9 (RLIN) 166495
908 ## - COLOCAR PARÁMETRO DE COMANDO (RLIN)
Colocar parámetro de comando CDMAE
940 ## - EQUIVALENCIA O REFERENCIA-CRUZADA--TÍTULO UNIFORME [OBSOLETO] [solamente CAN/MARC]
Título uniforme <a href="CVA38">CVA38</a>
942 ## - ELEMENTOS DE ENTRADA AGREGADA (KOHA)
Fuente del sistema de clasificación o colocación Clasificación decimal universal
Tipo de ítem Koha Llibre
Holdings
Estado de retiro Estado de pérdida Fuente del sistema de clasificación o colocación Estado dañado No para préstamo Localización permanente Ubicación/localización actual Ubicación en estantería Fecha de adquisición Fuente de adquisición Total de préstamos Signatura topográfica completa Código de barras Fecha visto por última vez Precio válido a partir de Tipo de ítem Koha
    Clasificación decimal universal     Biblioteca Barcelona Biblioteca Barcelona BCN Lliure Accés 18/11/2025 Compra   860 CARR iri 1900089498 18/11/2025 18/11/2025 Llibre

Powered by Koha